|
|
|
|
| LEADER |
00000ny a22000003n 4500 |
| 005 |
20110512113416.0 |
| 008 |
830505s1980 pe 000 0 spa |
| 035 |
|
|
|a 3212
|
| 040 |
|
|
|a DLC
|c DLC
|d vLex
|
| 043 |
|
|
|a s-pe---
|
| 050 |
0 |
0 |
|a LAW
|
| 050 |
0 |
0 |
|a LAW
|
| 090 |
|
|
|c 1756
|d 1756
|
| 245 |
3 |
0 |
|a Ley de promocin̤ y desarrollo agrario
|h [Recurso electrn̤ico]
|
| 256 |
|
|
|a Servicio en ln̕ea
|
| 260 |
|
|
|a Lima :
|b Centro Peruano de Estudios Sociales
|
| 500 |
|
|
|a "Informativo legal agrario, edicin̤ especial."
|
| 506 |
1 |
|
|a Contenido solo disponible en los productos indicados
|d vLex Global
|d vLex Global (Academic Edition, excluding Law Schools)
|d vLex Global (Academic Edition, Law Schools)
|
| 650 |
0 |
4 |
|a Reforma agraria
|x Derecho
|z Per ︢
|x Legislacin̤
|
| 710 |
2 |
|
|a Centro Peruano de Estudios Sociales.
|
| 730 |
0 |
|
|a Informativo legal agrario.
|p Supplement.
|
| 740 |
0 |
|
|a vLex Revista (Servicios en ln̕ea)
|
| 843 |
|
|
|a Electrn̤ica. Cerrada
|
| 853 |
|
|
|8 1
|i (year)
|j (month)
|k (day)
|
| 856 |
4 |
0 |
|z Acceso restringido
|u http://vlex.com/account/login_ip?fuente_id=3212
|
| 942 |
|
|
|c REV
|
| 999 |
|
0 |
|a Agricultural laws and legislation
|z Peru.
|